Trasferimenti più costosi nella storia del Calcio - Morte improvvisa - Statistics

Statistiche generali
  • Questo quiz è stato fatto 1.356 volte
    559 dall'ultimo reset
  • Il punteggio medio è 6 su 17
Answers on the Grid
Answers color-coded by a green-red scale on the quiz's grid according to % correct below.
Neymar
Barcellona → Paris SG
Kylian Mbappé
Monaco → Paris SG
Philippe Coutinho
Liverpool → Barcellona
Ousmane Dembélé
Borussia Dortmund → Barcellona
João Félix
Benfica → Atlético Madrid
Enzo Fernández
Benfica → Chelsea
Florian Wirtz
Bayer Lerverkusen → Liverpool
Eden Hazard
Chelsea → Real Madrid
Antoine Griezmann
Atlético Madrid → Barcellona
Jack Grealish
Aston Villa → Manchester City
Cristiano Ronaldo
Real Madrid → Juventus
Declan Rice
West Ham United → Arsenal
Moisés Caicedo
Brighton → Chelsea
Jude Bellingham
Borussia Dortmund → Real Madrid
Romelu Lukaku
Inter → Chelsea
Paul Pogba
Juventus → Manchester United
Gareth Bale
Tottenham → Real Madrid
Harry Kane
Tottenham → Bayern Monaco
Randal Kolo Muani
Eintracht Francoforte → Paris SG
Antony
Ajax → Manchester United
Cristiano Ronaldo
Manchester United → Real Madrid
Josko Gvardiol
RB Lipsia→ Manchester City
Neymar
Paris SG → Al-Hilal
Gonzalo Higuaín
Napoli → Juventus
Neymar
Santos → Barcellona
Harry Maguire
Leicester City → Manchester United
Frenkie de Jong
Ajax → Barcellona
Matthijs de Ligt
Ajax → Juventus
Darwin Núñez
Benfica → Liverpool
Jadon Sancho
Borussia Dortmund → Manchester United
 
Statistiche sulle risposte
Risposta % Corretto
Neymar
Barcellona → Paris SG
54%
Kylian Mbappé
Monaco → Paris SG
41%
Philippe Coutinho
Liverpool → Barcellona
41%
Ousmane Dembélé
Borussia Dortmund → Barcellona
40%
Cristiano Ronaldo
Real Madrid → Juventus
39%
Florian Wirtz
Bayer Lerverkusen → Liverpool
38%
Paul Pogba
Juventus → Manchester United
37%
João Félix
Benfica → Atlético Madrid
36%
Enzo Fernández
Benfica → Chelsea
34%
Gareth Bale
Tottenham → Real Madrid
32%
Eden Hazard
Chelsea → Real Madrid
30%
Moisés Caicedo
Brighton → Chelsea
29%
Antoine Griezmann
Atlético Madrid → Barcellona
27%
Jack Grealish
Aston Villa → Manchester City
27%
Jude Bellingham
Borussia Dortmund → Real Madrid
25%
Romelu Lukaku
Inter → Chelsea
25%
Declan Rice
West Ham United → Arsenal
23%
Nessun quiz corrispondente trovato
Distribuzione punteggi
Percentuale di utenti per punteggio
Percentile per numero di risposta
I tuoi punteggi nel tempo
Non hai fatto questo quiz dall'ultimo reset